Coalition politics in India : (Record no. 65598)

MARC details
000 -LEADER
fixed length control field 00591nam a22001577a 4500
005 - DATE AND TIME OF LATEST TRANSACTION
control field 20120425111451.0
020 ## - INTERNATIONAL STANDARD BOOK NUMBER
International Standard Book Number 818680355
Terms of availability 650.00
035 ## - SYSTEM CONTROL NUMBER
System control number B-27401
037 ## - SOURCE OF ACQUISITION
Stock number DPL
Source of stock number/acquisition ENG
245 ## - TITLE STATEMENT
Title Coalition politics in India :
Remainder of title Search for political stability /
Statement of responsibility, etc edited by D. Sundar Ram
260 ## - PUBLICATION, DISTRIBUTION, ETC. (IMPRINT)
Place of publication, distribution, etc Jaipur
Name of publisher, distributor, etc National Publishing House
Date of publication, distribution, etc 2000
300 ## - PHYSICAL DESCRIPTION
Extent ix, 359p.
Dimensions 20 cms.
700 ## - ADDED ENTRY--PERSONAL NAME
Personal name Ram, D. Sundar
9 (RLIN) 45713
942 ## - ADDED ENTRY ELEMENTS (KOHA)
Source of classification or shelving scheme Dewey Decimal Classification
Item type English Books
Classification part 320.954
Call number suffix SUN
Holdings
Withdrawn status Lost status Not for loan Collection code Home library Current library Date acquired Cost, normal purchase price Full call number Barcode Cost, replacement price Koha item type
      Non-fiction Sarojini Nagar Sarojini Nagar 25/04/2012 650.00 320.954 SUN B-27401 650.00 English Books

© Delhi Public Library
Hit Counter
free hit counter